000 01159naa a22003377a 4500
001 BR7604039
003 BR-BrBNA
005 20240918173919.0
007 ta
008 230509b bl.||||| |||| 00| 0 por d
040 _aBR-BrBNA
_bpor
_cBiblioteca Nacional de Agricultura
041 _a(Pt)
072 _aF60
_b0710
_b3650
090 _aF60 BR7604039
100 1 _aPetri, J.L.
100 1 _aCamilo, A.P.
100 1 _aPellegrin, M. de
111 1 _a3. Congresso Brasileiro de Fruticultura
_cRio de Janeiro, RJ (Brazil)
_d14 Jul 1975
245 1 _aEfeito de estimulantes na quebra de dormencia da macieira (Malus domestica)
260 3 _aCampinas, SP (Brasil):
_c1976.
500 _aAnais do 3. Congresso Brasileiro de Fruticultura Campinas, SP (Brasil): 1976. v. 2 p. 455-459 (BR7604039-AM)F60
650 _aMACA
650 _aQUEBRA DA DORMENCIA
650 _aHORMONIO
650 _aBROTACAO
650 _aFLORACAO
650 _aSANTA CATARINA
773 0 _tAnais do 3. Congresso Brasileiro de Fruticultura
_wF60 BR7604039
_gCampinas, SP (Brasil), 1976. v. 2 p. 455-459
909 _a202404
_bLucia
_c55
_dLucia Elande
942 _cAM
_2AGRIS
999 _c307655
_d307655